Highest mountains of Europe Quiz Stats

Quiz not verified by Sporcle

Challenge
Share
Tweet
Embed
Score 0/45 Timer 10:00
0 Plays Today
Country Mountain % Correct
FranceMont Blanc
100%
ItalyMont Blanc
100%
GermanyZugspitze
67.9%
AustriaGrossglockner
57.1%
GreeceMount Olympus
57.1%
United KingdomBen Nevis
53.6%
SwitzerlandMonte Rosa
46.4%
SloveniaTriglav
35.7%
PortugalMount Pico
28.6%
BulgariaMusala
25%
RomaniaMoldoveanu
25%
PolandRysy
25%
NorwayGaldhøpiggen
25%
SwedenKebnekaise
25%
San MarinoMonte Titano
25%
The Holy Seeunnamed
25%
SlovakiaGerlachovský štít
21.4%
Czech RepublicSněžka
21.4%
SpainMulhacén
17.9%
DenmarkMøllehøj
17.9%
AlbaniaMount Korab
14.3%
MacedoniaMount Korab
14.3%
UkraineHoverla
14.3%
Country Mountain % Correct
CroatiaDinara
14.3%
FinlandHalti
14.3%
HungaryKékes
14.3%
BelgiumSignal de Botrange
14.3%
LuxembourgKneiff
14.3%
NetherlandsVaalserberg
14.3%
RussiaNarodnaya
11.5%
Serbia (+Kosovo)Gjeravica
7.1%
IcelandHvannadalshnúkur
7.1%
IrelandCarrauntoohil
7.1%
EstoniaSuur Munamägi
7.1%
AndorraComa Pedrosa
3.6%
LiechtensteinVorder Grauspitz
3.6%
MontenegroZla Kolata
3.6%
TurkeyMahya Dağı
3.6%
MoldovaBălănești
3.6%
BelarusDzyarzhynskaya Hara
3.6%
LatviaGaiziņkalns
3.6%
LithuaniaAukštojas
3.6%
MaltaTa' Dmejrek
3.6%
MonacoChemin des Révoires
3.6%
Bosnia and HerzegovinaMaglić
0%

You're not logged in!

Compare scores with friends on all Sporcle quizzes.
Sign Up with Email
OR
Log In

You Might Also Like...

Show Comments

Extras

Top Quizzes Today


Score Distribution

Your Account Isn't Verified!

In order to create a playlist on Sporcle, you need to verify the email address you used during registration. Go to your Sporcle Settings to finish the process.

Report this User

Report this user for behavior that violates our Community Guidelines.

Details: